Statystyki dla FAME MMA Quiz

Kliknij tutaj aby rozwiązać quiz!

Ogólne statystyki

  • Ten quiz został rozwiązany 3 466 razy
  • Średni wynik to 8 z 15

Statystyki odpowiedzi

ZagadnienieOdpowiedź% Poprawnych
Kto założył gale FAME MMAWojtek Gola i BOXDEL
95%
Kogo wyzwał na FAME MMA Mini majkLorda Kruszwila
86%
Którzy zawodnicy posiadają pasy mistrzowskie w FAME MMADawid Malczyński i Lil Masti
80%
Ile walk na gali FAME MMA wygrał BONUS BGC0
76%
Który z uczestników miał okazje zawalczyć jak zarówno skomentować gale FAME MMAAdBuster
74%
Który zawodnik zawalczył na każdej gali FAME MMAAdrian Polak
73%
Jaka była walka wieczoru podczas FAME MMA 3Isamu vs DeejayPallaside
69%
Która gala odbyła się na Atlas Arenie w ŁodziFAME MMA 3
46%
Ile zawodników zawalczyło na FAME MMA64
41%
Jaka była pierwsza historyczna walka gali FAME MMAZtrollowany vs Bogas
39%
Gdzie odbyła sie gala FAME MMA 2Poznań
38%
Kiedy odbyła sie FAME MMA 130 czerwca 2018
36%
Ile walk na gali FAME MMA zakończyło sie przed czasem (nokaut,poddanie)22
27%
Kto prowadził loże szyderców na FAME MMA 1Xayoo,Isamu,Nitro
27%
Ile walk odbyło sie w calej historii FAME MMA33
16%

Rozkład punktacji

Percentyl według liczby udzielonych odpowiedzi

Procent ludzi z każdym wynikiem

Twoja historia wyników

Nie rozwiązałeś tego quizu